| 000 | 00551cam a2200193 a 4500 | ||
|---|---|---|---|
| 020 | _a0072317256 | ||
| 040 | _cDLC | ||
| 082 | _aDAV FIL 2001 C260 Or. | ||
| 100 | 1 | _aBordwell, David | |
| 245 | 1 | 0 |
_aFilm art : _ban introduction / |
| 250 | _a6th ed | ||
| 260 |
_aNew York : _bMcGraw Hill, _cc2001 |
||
| 300 |
_axx, 458 p. : _bill. (some col.) ; _c26 cm |
||
| 500 | _aThe McGraw-Hill film viewer's guide / David Bordwell (33 p.) enclosed | ||
| 500 | _aIncludes index | ||
| 650 | 0 | _aMotion pictures | |
| 700 | 1 | _aThompson, Kristin, | |
| 942 | _cAEDBB | ||
| 999 |
_c22266 _d22266 |
||